00778nam a2200253 a 4500001001300000003000900013005001700022008004100039020001100080082001600091100002400107245006200131260005000193300000900243500003500252505003600287650001200323650001600335700002400351902000800375942000700383952011900390999001500509nice12345678IN_TiNIC20260116013106.0050524s1993 cama grp 000 0 eng  ac277500a294.6bSIN5 aSingh, Nikky-G Kaur aFeminine Principle in the Sikh Vision of the Transcendent aCambridge bCambridge University Press c1993 a318p aincludes index and biblioraphy2 aNotes, List of Reference, Index aSikhism aGod-Sikhism1 aSingh, Nikky-G Kaur bSRS cBK 001040708StackRoom-aHMIbHMId2007-07-26g2775.00l0o294.6 SIN5p017033r2007-07-26v2775.00w2005-05-24yBK c9624d9624